Laxmi-Narsimha Devasthaan (Record no. 351086)

MARC details
000 -LEADER
fixed length control field 003660000a22001570004500
005 - DATE AND TIME OF LATEST TRANSACTION
control field 20120302060412.0
040 ## - CATALOGING SOURCE
Original cataloging agency MAR
100 ## - MAIN ENTRY--PERSONAL NAME
Personal name Suru,Na.Go.
245 ## - TITLE STATEMENT
Title Laxmi-Narsimha Devasthaan
260 ## - PUBLICATION, DISTRIBUTION, ETC. (IMPRINT)
Place of publication, distribution, etc Pune:Na.Go.Suru,1980.
300 ## - PHYSICAL DESCRIPTION
Extent 134p.
365 ## - TRADE PRICE
Price amount 10/-
650 ## - SUBJECT ADDED ENTRY--TOPICAL TERM
Topical term or geographic name as entry element Dharmika Vaangamaya
650 ## - SUBJECT ADDED ENTRY--TOPICAL TERM
Topical term or geographic name as entry element Kshetra-Laxmi Narsimha Devasthaan
942 ## - ADDED ENTRY ELEMENTS (KOHA)
Koha item type Book
Holdings
Withdrawn status Lost status Damaged status Not for loan Home library Current library Date acquired Total Checkouts Barcode Date last seen Price effective from
        Institute For Oriental Study, Thane Institute For Oriental Study, Thane 12/02/2009   IOS-14923 12/02/2009 12/02/2009